00477nam a2200157Ia 4500003000500000008004100005020001400046040001900060082000700079100001900086245006600105246006600171260006100237300000900298546001200307STCL230729s9999 xx 000 0 und d qPhotocopy aSTCLcSTCLbEN 222 aVijyanand, S M 0aKerala: a case study of classical democratic decentralization aKerala a case study of classical democratic decentralization bKerala Institute of Local AdministrationaThrissurc2009 a87 p aEnglish